Catálogo
 En Linea

Fundamentos de contabilidad general / (Registro nro. 34943)

Detalles MARC
000 -CABECERA
campo de control de longitud fija 00719nam a2200217 a 4500
001 - NÚMERO DE CONTROL
campo de control 000035452
005 - FECHA Y HORA DE LA ÚLTIMA TRANSACCIÓN
campo de control 20200930074343.0
008 - DATOS DE LONGITUD FIJA--INFORMACIÓN GENERAL
campo de control de longitud fija 111004s2005 dr 000 0 spa d
020 ## - NÚMERO INTERNACIONAL ESTÁNDAR DEL LIBRO
ISBN cancelado o inválido 416049
040 ## - FUENTE DE LA CATALOGACIÓN
Centro catalogador/agencia de origen DO-SdBNP
Lengua de catalogación spa
Centro/agencia transcriptor BNPHU
082 ## - NÚMERO DE LA CLASIFICACIÓN DECIMAL DEWEY
Número de clasificación xxxxx
Número de documento/Ítem C257f
100 1# - ENTRADA PRINCIPAL--NOMBRE DE PERSONA
Nombre de persona Caraballo, José
Títulos y otros términos asociados al nombre Lic.
9 (RLIN) 61294
245 10 - MENCIÓN DE TÍTULO
Título Fundamentos de contabilidad general /
Mención de responsabilidad, etc. José Caraballo, asesor técnico Víctor Naut.
260 ## - PUBLICACIÓN, DISTRIBUCIÓN, ETC.
Lugar de publicación, distribución, etc. Santo Domingo :
Nombre del editor, distribuidor, etc. Ediciones Unicaribe,
Fecha de publicación, distribución, etc. 2005.
300 ## - DESCRIPCIÓN FÍSICA
Extensión v. : ;
Dimensiones 24 cm.
500 ## - NOTA GENERAL
Nota general Incluye datos biografícos del autor.
500 ## - NOTA GENERAL
Nota general Incluye glosario.
500 ## - NOTA GENERAL
Nota general La biblioteca posee el volumen I
504 ## - NOTA DE BIBLIOGRAFÍA, ETC.
Nota de bibliografía, etc. Bibliografía: p. 165-167
700 12 - PUNTO DE ACCESO ADICIONAL--NOMBRE DE PERSONA
Nombre de persona Naut, Víctor
Títulos y otros términos asociados al nombre Lic.
Término indicativo de función/relación asesor.
9 (RLIN) 61295
Existencias
Estado de retiro Estado de pérdida No para préstamo Código de colección Localización permanente Ubicación/localización actual Ubicación en estantería Fecha de adquisición Número de inventario Total de préstamos Signatura topográfica completa Código de barras Fecha visto por última vez Precio válido a partir de Tipo de ítem Koha
    Excluido de préstamo Patrimonio Dominicano Patrimonio Dominicano Patrimonio Dominicano Depósito 31.10.2011 LF1   xxxxx C257f 35452-10 25.06.2020 25.06.2020 Libro y Folleto Colección Patrimonio Dominicano

Con tecnología Koha